000 00605nam a22001817a 4500
999 _c166975
_d166975
010 _aENG-126198
020 _a978-93-86761-17-0
_c1495.00
035 _aEN-109730
037 _bDBAD/PUB
082 _a320
100 _a Singh,Haridwar
245 _aModern Political Science/
_cby Haridwar Singh
260 _aNew Delhi
_bAne Books Pvt.Ltd.
_c2017
270 _a4821,Parwana Bhawan 1st Floor 24 Ansari Road, Darya Ganj
_bNew Delhi
_e110002
_k+91(011)23276843,2814209
_manebookschennai.com
300 _av319p.
_b24cm(hb)
500 _aits include index
942 _2ddc
_cEN
_h320
_mSIN